| 000 | 00379nam a2200157Ia 4500 | ||
|---|---|---|---|
| 008 | 240729s9999 xx 000 0 und d | ||
| 022 | _a2673-9488 | ||
| 245 | 0 | _aPhysiologia | |
| 260 | _aSwitzerland | ||
| 260 | _bMDPI AG | ||
| 650 | _a Physiology | ||
| 650 | _aScience | ||
| 856 | _uhttps://doaj.org/toc/abf73ba6ee2f4064b97b7f562b4d76e6 | ||
| 942 | _2ddc | ||
| 942 | _cDOAJEJ | ||
| 999 |
_c68453 _d68453 |
||
| 945 |
_a1 _bMadushi Gamage _c1 _dMadushi Gamage |
||